[Event "OP-2018-0-04554"]
[Site "LSS email"]
[Date "2018.03.20"]
[Round "?"]
[White "Misericordia, Antonio"]
[Black "Hlavacek, Ladislav"]
[Result "1-0"]
[WhiteElo "2355"]
[BlackElo "1954"]
[PlyCount "37"]
[EventDate "2018.03.16"]
[EventType "tourn (corr)"]
[EventRounds "4"]
[EventCountry "GER"]
[SourceTitle "Corr 2022"]
[Source "ChessBase"]
[SourceDate "2021.10.24"]
[SourceVersion "1"]
[SourceVersionDate "2021.10.24"]
[SourceQuality "1"]

1. g3 e5 2. c4 Nc6 3. Nc3 Nf6 4. Bg2 Bb4 5. Nd5 0-0 6. a3 Bc5 7. b4 Bd4 8. Rb1 d6 9. Nf3 Bb6 10. Nxf6+ Qxf6 11. d3 a5 12. 0-0 axb4 13. axb4 Bg4 14. h3 Bd7 15. Qc2 Rfb8 16. c5 dxc5 17. bxc5 Ba5 18. Rd1 Be6 19. Bg5 1-0

[Event "RB-2018-0-00356"]
[Site "LSS email"]
[Date "2018.02.26"]
[Round "?"]
[White "Hlavacek, Ladislav"]
[Black "Langheld, Werner"]
[Result "0-1"]
[WhiteElo "1964"]
[BlackElo "1967"]
[PlyCount "56"]
[EventDate "2017.11.27"]
[EventType "tourn (corr)"]
[EventRounds "6"]
[EventCountry "GER"]
[SourceTitle "Corr 2022"]
[Source "ChessBase"]
[SourceDate "2021.10.24"]
[SourceVersion "1"]
[SourceVersionDate "2021.10.24"]
[SourceQuality "1"]

1. Nf3 b6 2. Nc3 Bb7 3. e4 Nf6 4. e5 Nd5 5. Nxd5 Bxd5 6. d4 e6 7. Bf4 Be7 8. Bd3 0-0 9. c3 f5 10. exf6 Rxf6 11. Bg3 Nc6 12. Qc2 Rh6 13. Be4 Bxe4 14. Qxe4 Qe8 15. 0-0 Qg6 16. Rfe1 Qxe4 17. Rxe4 Rf8 18. Rd1 Bd8 19. h3 Ne7 20. Ne5 d6 21. Nf3 Nf5 22. Bf4 Rg6 23. Rde1 Kf7 24. Bd2 h6 25. h4 Rf6 26. h5 Ne7 27. b3 a5 28. a4 Nd5 0-1

[Event "RB-2018-0-00356"]
[Site "LSS email"]
[Date "2018.02.26"]
[Round "?"]
[White "Koronowski, Heinz Juergen"]
[Black "Hlavacek, Ladislav"]
[Result "1/2-1/2"]
[WhiteElo "2035"]
[BlackElo "1964"]
[PlyCount "80"]
[EventDate "2017.11.27"]
[EventType "tourn (corr)"]
[EventRounds "6"]
[EventCountry "GER"]
[SourceTitle "Corr 2022"]
[Source "ChessBase"]
[SourceDate "2021.10.24"]
[SourceVersion "1"]
[SourceVersionDate "2021.10.24"]
[SourceQuality "1"]

1. e4 e5 2. Nf3 Nc6 3. d4 exd4 4. Nxd4 Nf6 5. Nxc6 bxc6 6. e5 Qe7 7. Qe2 Nd5 8. c4 Ba6 9. b3 g6 10. f4 d6 11. Qf2 Nf6 12. Be2 dxe5 13. 0-0 Ne4 14. Qe1 Qc5+ 15. Kh1 Qd4 16. Bf3 Bb7 17. Qxe4 Qxa1 18. Qc2 Bc5 19. Bb2 Qxa2 20. Nc3 Qa5 21. Ra1 Qb6 22. Na4 Qa5 23. fxe5 0-0-0 24. e6 Rhe8 25. Nxc5 Qxc5 26. exf7 Rf8 27. Bf6 Rd7 28. Bg4 Rfxf7 29. Bxd7+ Rxd7 30. Qe2 Kb8 31. h3 Qf5 32. Rf1 Qd3 33. Qe1 c5 34. Qe8+ Bc8 35. Kg1 Qxb3 36. Rf2 Rd1+ 37. Kh2 Rb1 38. Be5 Qd1 39. Rf8 Qg1+ 40. Kg3 Qe1+ 1/2-1/2

[Event "SB-2017-0-00519"]
[Site "LSS email"]
[Date "2017.12.27"]
[Round "?"]
[White "Hoffmann, Thomas"]
[Black "Hlavacek, Ladislav"]
[Result "1-0"]
[WhiteElo "2033"]
[BlackElo "1940"]
[PlyCount "109"]
[EventDate "2017.10.25"]
[EventType "tourn (corr)"]
[EventRounds "6"]
[EventCountry "GER"]
[SourceTitle "Corr 2022"]
[Source "ChessBase"]
[SourceDate "2021.10.24"]
[SourceVersion "1"]
[SourceVersionDate "2021.10.24"]
[SourceQuality "1"]

1. e4 e5 2. Nf3 Nc6 3. Bc4 Nf6 4. d3 Bc5 5. c3 0-0 6. 0-0 d6 7. Nbd2 a5 8. a4 h6 9. Re1 Be6 10. Qc2 Nh5 11. Bxe6 fxe6 12. Nb3 Bb6 13. Be3 Bxe3 14. fxe3 Qe7 15. Nbd2 b6 16. Rf1 Rf7 17. g4 Nf6 18. g5 Nd7 19. gxh6 gxh6 20. Qb3 Nf6 21. Kf2 Kh7 22. Ke2 Rg8 23. Rf2 Rfg7 24. Raf1 Rg2 25. Kd1 Ng4 26. Re2 Rxe2 27. Kxe2 Nf6 28. Rf2 d5 29. Kd1 Qd6 30. Ne1 Qe7 31. Nef3 Qd6 32. Kc2 dxe4 33. Nxe4 Nxe4 34. dxe4 Nb8 35. Qb5 Rg7 36. Rd2 Qc6 37. Qxc6 Nxc6 38. Kb3 Rf7 39. Ne1 Nb8 40. Nd3 Rd7 41. Kc4 Rd6 42. Kb5 h5 43. b4 Nd7 44. Rd1 c6+ 45. Ka6 axb4 46. cxb4 c5 47. Nf2 Rxd1 48. Nxd1 cxb4 49. Kb5 Kg6 50. Kxb4 Kg5 51. Nf2 Kf6 52. Kb5 Ke7 53. Kc6 Kd8 54. h4 Kc8 55. Nd1 1-0

[Event "SB-2017-0-00518"]
[Site "LSS email"]
[Date "2017.12.07"]
[Round "?"]
[White "Egorov, Vladimir Al"]
[Black "Hlavacek, Ladislav"]
[Result "1/2-1/2"]
[WhiteElo "2051"]
[BlackElo "1928"]
[PlyCount "82"]
[EventDate "2017.10.20"]
[EventType "tourn (corr)"]
[EventRounds "6"]
[EventCountry "GER"]
[SourceTitle "Corr 2022"]
[Source "ChessBase"]
[SourceDate "2021.10.24"]
[SourceVersion "1"]
[SourceVersionDate "2021.10.24"]
[SourceQuality "1"]

1. d4 Nf6 2. c4 e6 3. Nf3 d5 4. Nc3 Bb4 5. Bg5 dxc4 6. e3 b5 7. a4 c6 8. g3 a6 9. Bg2 Bb7 10. 0-0 Nbd7 11. Ne5 Nxe5 12. axb5 axb5 13. dxe5 Qxd1 14. Rxa8+ Bxa8 15. Rxd1 Nd5 16. e4 Ne7 17. Ra1 0-0 18. Be3 Ng6 19. f4 Bb7 20. Ra7 Rb8 21. Kf1 Ne7 22. Kf2 Nc8 23. Ra1 Ra8 24. Rd1 Ba5 25. f5 Nb6 26. fxe6 fxe6 27. Bh3 Re8 28. Ne2 Na4 29. Rd7 Bc8 30. Ra7 Bb4 31. Nd4 Nxb2 32. Nxc6 Bf8 33. Ke1 Nd3+ 34. Kd2 Nc5 35. Rc7 Nxe4+ 36. Kc2 Ba6 37. Na5 b4 38. Nxc4 Bc5 39. Bxc5 Bxc4 40. Bxb4 Bd5 41. Bf1 Rb8 1/2-1/2

[Event "SB-2017-0-00518"]
[Site "LSS email"]
[Date "2017.12.03"]
[Round "?"]
[White "Milde, Lars"]
[Black "Hlavacek, Ladislav"]
[Result "0-1"]
[WhiteElo "2041"]
[BlackElo "1928"]
[PlyCount "38"]
[EventDate "2017.10.20"]
[EventType "tourn (corr)"]
[EventRounds "6"]
[EventCountry "GER"]
[SourceTitle "Corr 2022"]
[Source "ChessBase"]
[SourceDate "2021.10.24"]
[SourceVersion "1"]
[SourceVersionDate "2021.10.24"]
[SourceQuality "1"]

1. e4 e5 2. f4 exf4 3. Bc4 c6 4. Nc3 Nf6 5. d4 Bb4 6. e5 Ne4 7. Qf3 Qh4+ 8. Kf1 d5 9. exd6 Nxc3 10. bxc3 Bxd6 11. Ne2 Bg4 12. Qe4+ Kd8 13. Nxf4 Re8 14. g3 Rxe4 15. gxh4 Bxf4 16. Bd3 Bxc1 17. Bxe4 Bd2 18. Rg1 f5 19. Rg3 Nd7 0-1

[Event "RB-2017-0-00351"]
[Site "LSS email"]
[Date "2017.11.10"]
[Round "?"]
[White "Carroll, Patrick"]
[Black "Hlavacek, Ladislav"]
[Result "1/2-1/2"]
[WhiteElo "1987"]
[BlackElo "1949"]
[PlyCount "54"]
[EventDate "2017.09.10"]
[EventType "tourn (corr)"]
[EventRounds "6"]
[EventCountry "GER"]
[SourceTitle "Corr 2022"]
[Source "ChessBase"]
[SourceDate "2021.10.24"]
[SourceVersion "1"]
[SourceVersionDate "2021.10.24"]
[SourceQuality "1"]

1. d4 Nf6 2. c4 e6 3. Nf3 Be7 4. Nc3 d5 5. Bg5 h6 6. Bh4 0-0 7. e3 c6 8. Rc1 Nbd7 9. Qc2 b6 10. cxd5 cxd5 11. Bd3 Bb7 12. 0-0 a6 13. a4 Bd6 14. Ne2 Qe7 15. Qb3 Rac8 16. Rfd1 Rfd8 17. Bg3 Bxg3 18. Nxg3 g6 19. h3 Ne4 20. Ne2 Kg7 21. Rf1 Qf8 22. Qa2 Qb4 23. b3 Ng5 24. Nxg5 hxg5 25. Qb2 Nf6 26. Rxc8 Rxc8 27. Rb1 a5 1/2-1/2

[Event "RB-2017-0-00351"]
[Site "LSS email"]
[Date "2017.11.10"]
[Round "?"]
[White "Ilyin, Igor"]
[Black "Hlavacek, Ladislav"]
[Result "1/2-1/2"]
[WhiteElo "2073"]
[BlackElo "1949"]
[PlyCount "58"]
[EventDate "2017.09.10"]
[EventType "tourn (corr)"]
[EventRounds "6"]
[EventCountry "GER"]
[SourceTitle "Corr 2022"]
[Source "ChessBase"]
[SourceDate "2021.10.24"]
[SourceVersion "1"]
[SourceVersionDate "2021.10.24"]
[SourceQuality "1"]

1. e4 e5 2. Nf3 Nc6 3. Bb5 Nf6 4. 0-0 Nxe4 5. d4 a6 6. Bxc6 dxc6 7. Re1 Nf6 8. Nxe5 Be6 9. c4 Bd6 10. Qb3 Rb8 11. Bg5 0-0 12. Nc3 Re8 13. Rad1 Qc8 14. Bxf6 gxf6 15. Nf3 b5 16. Ne4 Be7 17. Nfd2 bxc4 18. Qc3 Qd8 19. Nc5 Bxc5 20. dxc5 Qd3 21. Qxf6 Bd5 22. Qf4 Rxe1+ 23. Rxe1 Qg6 24. f3 Rxb2 25. Qd4 Rb8 26. Ne4 Bxe4 27. Rxe4 h5 28. g4 a5 29. h4 Qg7 1/2-1/2

[Event "RB-2017-0-00343"]
[Site "LSS email"]
[Date "2017.07.19"]
[Round "?"]
[White "Hlavacek, Ladislav"]
[Black "Alexandre Bisquert, Francisco"]
[Result "1/2-1/2"]
[WhiteElo "1927"]
[BlackElo "1966"]
[PlyCount "60"]
[EventDate "2017.05.27"]
[EventType "tourn (corr)"]
[EventRounds "6"]
[EventCountry "GER"]
[SourceTitle "Corr 2022"]
[Source "ChessBase"]
[SourceDate "2021.10.24"]
[SourceVersion "1"]
[SourceVersionDate "2021.10.24"]
[SourceQuality "1"]

1. Nf3 c5 2. e4 d6 3. d4 cxd4 4. Nxd4 Nf6 5. Nc3 a6 6. Bg5 e6 7. Qf3 Nbd7 8. a3 Be7 9. h4 Qc7 10. 0-0-0 b5 11. Qg3 Bb7 12. f3 h6 13. Bd2 0-0 14. Kb1 Rac8 15. Be2 Ne5 16. Bg5 Rfe8 17. Qh2 Nfd7 18. Bxe7 Rxe7 19. Qg1 Nb6 20. f4 Nec4 21. Rh3 Qc5 22. Qe1 d5 23. e5 Rd7 24. f5 exf5 25. Nxf5 d4 26. Bxc4 Nxc4 27. e6 fxe6 28. Qxe6+ Rf7 29. Nxd4 Qf8 30. Rg3 Kh8 1/2-1/2

[Event "RB-2017-0-00339"]
[Site "LSS email"]
[Date "2017.05.27"]
[Round "?"]
[White "Carroll, Patrick"]
[Black "Hlavacek, Ladislav"]
[Result "1/2-1/2"]
[WhiteElo "1959"]
[BlackElo "1946"]
[PlyCount "107"]
[EventDate "2017.03.03"]
[EventType "tourn (corr)"]
[EventRounds "6"]
[EventCountry "GER"]
[SourceTitle "Corr 2022"]
[Source "ChessBase"]
[SourceDate "2021.10.24"]
[SourceVersion "1"]
[SourceVersionDate "2021.10.24"]
[SourceQuality "1"]

1. e4 e5 2. Nf3 Nc6 3. Bb5 Nf6 4. 0-0 Nxe4 5. d4 Be7 6. d5 Nd6 7. Nc3 Nxb5 8. Nxb5 a6 9. Nc3 Nb8 10. Nxe5 0-0 11. Re1 d6 12. Nd3 Nd7 13. Qf3 Nf6 14. h3 Bd7 15. Bd2 Re8 16. b3 Rc8 17. Re2 Bf8 18. Rxe8 Nxe8 19. Re1 c6 20. Nb4 c5 21. Nd3 g6 22. Nf4 Nf6 23. Nfe2 Bg7 24. Ng3 Ne8 25. Nge4 h6 26. Qg3 c4 27. b4 Bf5 28. a4 Rc7 29. Qf3 Re7 30. a5 Bd7 31. Re2 f5 32. Ng3 Rf7 33. Qf4 g5 34. Qxc4 f4 35. Nh5 Be5 36. Qd3 Bf5 37. Ne4 Bg6 38. g4 fxg3 39. Nhxg3 Nf6 40. Nxf6+ Qxf6 41. Ne4 Qe7 42. c4 Qf8 43. Kg2 Bf5 44. c5 g4 45. h4 Qe7 46. Qe3 Qxh4 47. Ng3 Bd7 48. cxd6 Bxd6 49. Qxh6 Qxh6 50. Bxh6 Bxb4 51. Bd2 Be7 52. Re4 Bd8 53. Nf1 Bh4 54. Be3 1/2-1/2

[Event "SB-2017-0-00495"]
[Site "LSS email"]
[Date "2017.04.28"]
[Round "?"]
[White "Hlavacek, Ladislav"]
[Black "Mary, Patrick"]
[Result "0-1"]
[WhiteElo "1927"]
[BlackElo "2094"]
[PlyCount "80"]
[EventDate "2017.04.01"]
[EventType "tourn (corr)"]
[EventRounds "6"]
[EventCountry "GER"]
[SourceTitle "Corr 2022"]
[Source "ChessBase"]
[SourceDate "2021.10.24"]
[SourceVersion "1"]
[SourceVersionDate "2021.10.24"]
[SourceQuality "1"]

1. Nf3 d5 2. d4 Bf5 3. c4 e6 4. Nc3 Nf6 5. Nh4 Bb4 6. h3 Be4 7. c5 0-0 8. e3 b6 9. cxb6 axb6 10. Be2 Bxc3+ 11. bxc3 c5 12. f3 cxd4 13. cxd4 Qc7 14. 0-0 Bc2 15. Qd2 Bb3 16. g4 Rc8 17. Ng2 Bc4 18. Nf4 Nc6 19. h4 b5 20. Bb2 Nd7 21. Rfc1 Nb6 22. Kg2 Qe7 23. h5 Bxe2 24. Qxe2 Nc4 25. a3 f5 26. gxf5 exf5 27. a4 Nxe3+ 28. Kh3 g5 29. axb5 Rxa1 30. Rxa1 gxf4 31. Rg1+ Kh8 32. bxc6 Qf7 33. Kh4 Rxc6 34. Qb5 Qe7+ 35. Kh3 Qe8 36. Rg5 Qd8 37. Ba3 Rc1 38. Bxc1 Qxg5 39. Qe8+ Kg7 40. Qd7+ Kh6 0-1

[Event "SB-2017-0-00493"]
[Site "LSS email"]
[Date "2017.04.14"]
[Round "?"]
[White "Zhdanenia, Konstantin A"]
[Black "Hlavacek, Ladislav"]
[Result "1/2-1/2"]
[WhiteElo "1817"]
[BlackElo "1936"]
[PlyCount "41"]
[EventDate "2017.03.15"]
[EventType "tourn (corr)"]
[EventRounds "6"]
[EventCountry "GER"]
[SourceTitle "Corr 2022"]
[Source "ChessBase"]
[SourceDate "2021.10.24"]
[SourceVersion "1"]
[SourceVersionDate "2021.10.24"]
[SourceQuality "1"]

1. f4 Nf6 2. Nf3 e6 3. g3 d5 4. Bg2 Be7 5. 0-0 0-0 6. d3 c5 7. c3 Nc6 8. Qc2 Bd7 9. e4 c4 10. dxc4 Qb6+ 11. Kh1 Nxe4 12. Qe2 Qa6 13. Re1 Rad8 14. cxd5 exd5 15. Qxa6 bxa6 16. Bf1 Rfe8 17. Kg2 Bc5 18. Be3 Rb8 19. b3 Be7 20. Bxa6 Bf6 21. Bd4 1/2-1/2

[Event "SB-2017-0-00493"]
[Site "LSS email"]
[Date "2017.04.08"]
[Round "?"]
[White "Hlavacek, Ladislav"]
[Black "Lebedev, Alexander"]
[Result "0-1"]
[WhiteElo "1936"]
[BlackElo "1946"]
[PlyCount "62"]
[EventDate "2017.03.15"]
[EventType "tourn (corr)"]
[EventRounds "6"]
[EventCountry "GER"]
[SourceTitle "Corr 2022"]
[Source "ChessBase"]
[SourceDate "2021.10.24"]
[SourceVersion "1"]
[SourceVersionDate "2021.10.24"]
[SourceQuality "1"]

1. Nf3 d5 2. d4 Nf6 3. c4 c6 4. e3 e6 5. Be2 Be7 6. 0-0 0-0 7. b3 b6 8. Nc3 Bb7 9. Bb2 Nbd7 10. Qc2 Qc7 11. Rfd1 Rac8 12. Bd3 Rfd8 13. Rac1 h6 14. a4 c5 15. cxd5 Nxd5 16. Nxd5 Bxd5 17. e4 Bb7 18. d5 exd5 19. exd5 Bf6 20. Bh7+ Kf8 21. Nd4 Qb8 22. Ne6+ fxe6 23. dxe6 Ne5 24. Re1 Rd4 25. Qe2 Qd6 26. Bxd4 cxd4 27. Rcd1 Bd5 28. Bf5 Rc3 29. Qh5 Qe7 30. f4 Nc6 31. Qg6 Bxb3 0-1

[Event "SB-2017-0-00493"]
[Site "LSS email"]
[Date "2017.04.08"]
[Round "?"]
[White "Knoeppel, Bjoern"]
[Black "Hlavacek, Ladislav"]
[Result "1/2-1/2"]
[WhiteElo "1903"]
[BlackElo "1936"]
[PlyCount "76"]
[EventDate "2017.03.15"]
[EventType "tourn (corr)"]
[EventRounds "6"]
[EventCountry "GER"]
[SourceTitle "Corr 2022"]
[Source "ChessBase"]
[SourceDate "2021.10.24"]
[SourceVersion "1"]
[SourceVersionDate "2021.10.24"]
[SourceQuality "1"]

1. f4 Nf6 2. Nf3 e6 3. b3 Be7 4. Bb2 c5 5. g3 d5 6. Bg2 b5 7. 0-0 Qb6 8. a4 b4 9. a5 Qa6 10. d3 Bb7 11. e3 0-0 12. Nbd2 Nc6 13. Ra2 Ne8 14. Re1 Nd6 15. Bf1 Nb5 16. d4 cxd4 17. Nxd4 Ncxd4 18. Bxd4 f6 19. Bd3 g6 20. Qe2 Bc6 21. h4 Be8 22. Nf3 Qc6 23. Kg2 Nd6 24. Nd2 Bd7 25. h5 g5 26. a6 Nf5 27. Bxf5 exf5 28. Nf3 h6 29. Rc1 Rfc8 30. c3 Qe6 31. Rac2 bxc3 32. Rxc3 Bb4 33. Rc7 Bd6 34. Rxc8+ Rxc8 35. Rxc8+ Bxc8 36. Bxa7 Bf8 37. Qb5 Bxa6 38. Qb6 Bc8 1/2-1/2

[Event "OP-2017-0-04317"]
[Site "LSS email"]
[Date "2017.04.02"]
[Round "?"]
[White "Kuttner, Jaromir"]
[Black "Hlavacek, Ladislav"]
[Result "0-1"]
[WhiteElo "957"]
[BlackElo "1920"]
[PlyCount "34"]
[EventDate "2017.03.30"]
[EventType "tourn (corr)"]
[EventRounds "4"]
[EventCountry "GER"]
[SourceTitle "Corr 2022"]
[Source "ChessBase"]
[SourceDate "2021.10.24"]
[SourceVersion "1"]
[SourceVersionDate "2021.10.24"]
[SourceQuality "1"]

1. e4 e5 2. Nf3 Nc6 3. Bc4 Bc5 4. b4 Bxb4 5. c3 Ba5 6. d4 exd4 7. 0-0 Nf6 8. e5 d5 9. exd6 0-0 10. dxc7 Qxc7 11. Ba3 Rd8 12. Re1 Bg4 13. Qb3 Bxf3 14. gxf3 Rac8 15. Re2 Qf4 16. Bxf7+ Kh8 17. Kg2 Bc7 0-1